[Event "IECG Q1.2000.0.00120"]
[Site "IECG email"]
[Date "2000.08.02"]
[Round "?"]
[White "Bendig, Frank"]
[Black "Blonde, Xavier"]
[Result "1/2-1/2"]
[WhiteElo "2093"]
[BlackElo "1990"]
[PlyCount "53"]
[EventDate "2000.08.02"]
[EventType "tourn (corr)"]
[EventRounds "6"]
[SourceTitle "Corr 2008"]
[Source "ChessBase"]
[SourceDate "2008.06.24"]
[SourceVersion "1"]
[SourceVersionDate "2008.06.24"]
[SourceQuality "1"]

1. b4 e5 2. Bb2 Bxb4 3. f4 d6 4. fxe5 dxe5 5. Bxe5 Nf6 6. e3 0-0 7. Nf3 Nc6 8. Bb2 Nd5 9. c3 Be7 10. Be2 Bf5 11. 0-0 Bf6 12. Ne5 Nxe5 13. Rxf5 c6 14. Ba3 Re8 15. e4 Nb6 16. d3 Qd7 17. Qf1 Ng6 18. Bg4 Rad8 19. Rxf6 Qxg4 20. Rxf7 Ne5 21. Rf4 Qd7 22. d4 Ng6 23. Rf3 Rxe4 24. Nd2 Ree8 25. Nc4 Nxc4 26. Qxc4+ Qd5 27. Qxd5+ 1/2-1/2

[Event "IECG Q1.2000.0.00120"]
[Site "IECG email"]
[Date "2000.08.02"]
[Round "?"]
[White "Zirek, Mehmet"]
[Black "Blonde, Xavier"]
[Result "1-0"]
[WhiteElo "1900"]
[BlackElo "1990"]
[PlyCount "77"]
[EventDate "2000.08.02"]
[EventType "tourn (corr)"]
[EventRounds "6"]
[SourceTitle "Corr 2008"]
[Source "ChessBase"]
[SourceDate "2008.06.24"]
[SourceVersion "1"]
[SourceVersionDate "2008.06.24"]
[SourceQuality "1"]

1. e4 c6 2. d4 d5 3. e5 Bf5 4. Nc3 e6 5. Nf3 c5 6. Bb5+ Nc6 7. h3 Qc7 8. dxc5 Bxc5 9. 0-0 h6 10. Na4 Bf8 11. Nd4 Nge7 12. f4 Bg6 13. Be3 Nf5 14. Nxf5 Bxf5 15. Rc1 a6 16. Bb6 Qd7 17. Bd3 Nb4 18. Nc3 Nxd3 19. cxd3 Rc8 20. Rf2 Rc6 21. Bd4 Bc5 22. Bxc5 Rxc5 23. Rfc2 0-0 24. Ne2 Rxc2 25. Qxc2 Bg6 26. Nd4 Rd8 27. a3 Qe7 28. Qd2 Qd7 29. Kf2 Rc8 30. Rxc8+ Qxc8 31. Ke3 Bh7 32. Qc3 Qd8 33. b4 g5 34. Nf3 gxf4+ 35. Kxf4 Kg7 36. g4 f6 37. exf6+ Qxf6+ 38. Qxf6+ Kxf6 39. d4 1-0